000 00874cam a2200301 a 4500
001 000003794
003 DO-SdBNP
005 20220721114109.0
007 ta
008 800422s19881977sp er 001 f spa
020 _a8476390726
040 _aDO-SdBNP
_bspa
_cBNPHU
041 1 7 _aspa
_heng
082 4 _a813.54
_bO99L
_222
100 1 _aOzick, Cynthia,
_d1928-
_911528
245 1 0 _aLevitación /
_cCynthia Ozick ; traductor Miguel Martínez Lage.
260 _aBarcelona, España :
_bMontesino,
_c1988.
300 _a200 p. ;
_c21 cm.
490 1 _aViso Tundali
490 1 _aContemporáneos ;
_v103
650 4 _aNovela estadounidense
_9262
650 4 _aLiteratura estadounidense
_9263
700 1 _aMartínez Lage, Miguel,
_etrad.
_911529
830 0 _aViso Tundali ;
_911530
830 0 _aContemporáneos ;
_96941
_n103
910 _aMFeliz
942 _2ddc
_cLBS1
999 _c3616
_d3616